Fr. Conceicao Rodrigues College of Engineering

AUTOCAD for engineers (Record no. 19352)

MARC details
000 -LEADER
fixed length control field 00279nam a2200133Ia 4500
082 ## - DEWEY DECIMAL CLASSIFICATION NUMBER
Classification number 621.381
Item number TUM
100 ## - MAIN ENTRY--PERSONAL NAME
Personal name Tumitty/Thomas
245 ## - TITLE STATEMENT
Title AUTOCAD for engineers
260 ## - PUBLICATION, DISTRIBUTION, ETC.
Name of publisher, distributor, etc. Prentice Hall
Date of publication, distribution, etc. 1991
300 ## - PHYSICAL DESCRIPTION
Extent 398
546 ## - LANGUAGE NOTE
Language note ENGLISH
654 ## - SUBJECT ADDED ENTRY--FACETED TOPICAL TERMS
Focus term autocad
942 ## - ADDED ENTRY ELEMENTS (KOHA)
Koha item type BOOK
Holdings
Withdrawn status Lost status Damaged status Not for loan Collection Home library Current library Date acquired Total Checkouts Full call number Barcode Date last seen Price effective from Koha item type
        CRC Fr. Agnel's C.Rodrigues College of Engineering Fr. Agnel's C.Rodrigues College of Engineering 17/03/2023   621.381 TUM 14298 17/03/2023 17/03/2023 BOOK